000 01187nam0a22003131 4500
001 RU\NLR\INFOCOMM_190\5000029201
005 20260406100518.0
035 _a(NLR Aleph) 009088704
090 _a13473793
_c13473793
100 _a20081219d1971 k y0rusy50 ca
101 0 _afre
102 _aRU
105 _aa m|||000yy
181 0 _ai3
_baxxe
182 0 _an
200 1 _aContribution à l'étude de l'oxycarbonémie de l'enfant né de mère fumeuse
_ethèse
_fpar m-me Line Baribaud, née Lafon
_gFaculté mixte de médecine et de pharmacie de Grenoble
203 _aТекст
_bвизуальный
_cнепосредственный
210 _a[S. l.
_cs.n.
_d1971]
215 _a[9], 92 л.
_cдиагр.
_d27 см
320 _aБиблиогр.: л. 80-90
606 _aОкись углерода в организме новорожденных детей
_xВлияние курения матери
_2nlr_sh1
686 _aМд22-850
_2rubbk
700 1 _4070
_7ba
_8fre
_aBaribaud
_bL.
_gLine
_3RU\NLR\AUTH\770288994
_92694007
801 0 _aRU
_bNLR
_gPSBO
801 1 _aRU
_bNLR
_c20081219
852 _aNLR
_jДисс-2/2-269
942 _cBOOK
980 _aNB